| 000 | 00592cam a2200229ua 4500 | ||
|---|---|---|---|
| 020 | _c55.00 | ||
| 041 |
_aeng _h |
||
| 082 |
_a510.02462 _bSHA/AD |
||
| 100 | _aSharma, G S . | ||
| 245 |
_aAdvanced mathematics for engineers and scientists, Vol 2 / _cG S Sharma. _hTextual Documents |
||
| 250 |
_a1 / _b. |
||
| 260 |
_aNew Delhi : _bC B S Publishers & Distributers , _c1991. |
||
| 300 | _a545 ; . | ||
| 365 | _a55.00 | ||
| 500 | _a18309 CSS | ||
| 504 | _a | ||
| 700 | 1 | _aAhuja, K L . | |
| 942 | _cBK | ||
| 999 |
_c9448 _d9448 |
||